<?xml version="1.0" encoding="UTF-8"?>
<record
    xmlns:xsi="http://www.w3.org/2001/XMLSchema-instance"
    xsi:schemaLocation="http://www.loc.gov/MARC21/slim http://www.loc.gov/standards/marcxml/schema/MARC21slim.xsd"
    xmlns="http://www.loc.gov/MARC21/slim">

  <leader>01351nam a22003017a 4500</leader>
  <controlfield tag="001">1653</controlfield>
  <controlfield tag="003">FISKH</controlfield>
  <controlfield tag="005">20230913105051.0</controlfield>
  <controlfield tag="008">230913b        cb ||||| |||| 00| 0 khr d</controlfield>
  <datafield tag="020" ind1=" " ind2=" ">
    <subfield code="a">9789924341567</subfield>
  </datafield>
  <datafield tag="040" ind1=" " ind2=" ">
    <subfield code="a">FISKH </subfield>
    <subfield code="b">eng</subfield>
    <subfield code="c">FISKH</subfield>
    <subfield code="d">FISKH</subfield>
  </datafield>
  <datafield tag="082" ind1=" " ind2=" ">
    <subfield code="a">398.2452</subfield>
  </datafield>
  <datafield tag="100" ind1=" " ind2=" ">
    <subfield code="a">Valckx, Catharina</subfield>
  </datafield>
  <datafield tag="245" ind1=" " ind2=" ">
    <subfield code="a">&#x179B;&#x17BE;&#x1780;&#x1787;&#x17BE;&#x1784;&#x17A1;&#x17BE;&#x1784; / </subfield>
    <subfield code="c">&#x1793;&#x17B7;&#x1796;&#x1793;&#x17D2;&#x1792; &#x1793;&#x17B7;&#x1784;&#x1782;&#x17BC;&#x179A;&#x179A;&#x17BC;&#x1794;&#x178A;&#x17C4;&#x1799;  &#x1780;&#x17B6;&#x178F;&#x17B6;&#x179A;&#x17B8;&#x178E;&#x17B6; &#x179C;&#x17B6;&#x179B;&#x17CB; - &#x1794;&#x1780;&#x1794;&#x17D2;&#x179A;&#x17C2;&#x1796;&#x17B8;&#x1797;&#x17B6;&#x179F;&#x17B6;&#x1794;&#x17B6;&#x179A;&#x17B6;&#x17C6;&#x1784;&#x178A;&#x17C4;&#x1799; &#x17A2;&#x17CA;&#x17BB;&#x17C6; &#x179C;&#x17D0;&#x178E;&#x1790;&#x17B6;&#x179A;&#x17B8;</subfield>
  </datafield>
  <datafield tag="260" ind1=" " ind2=" ">
    <subfield code="a">Paris : </subfield>
    <subfield code="b">Sipar, </subfield>
    <subfield code="c">2010.</subfield>
  </datafield>
  <datafield tag="300" ind1=" " ind2=" ">
    <subfield code="a">35 pages : </subfield>
    <subfield code="b">color illustrations ; </subfield>
    <subfield code="c">20 cm</subfield>
  </datafield>
  <datafield tag="490" ind1=" " ind2=" ">
    <subfield code="a">&#x179A;&#x17BF;&#x1784;&#x178A;&#x17C6;&#x1794;&#x17BC;&#x1784;&#x17D7;</subfield>
  </datafield>
  <datafield tag="505" ind1=" " ind2=" ">
    <subfield code="a">K
</subfield>
  </datafield>
  <datafield tag="520" ind1=" " ind2=" ">
    <subfield code="a">&#x17AA;&#x1796;&#x17BB;&#x1780;&#x1794;&#x17CA;&#x17B8;&#x179B;&#x17B8;&#x1787;&#x17B6;&#x17A2;&#x17D2;&#x1793;&#x1780;&#x179B;&#x17C1;&#x1784;&#x178A;&#x17CF;&#x179B;&#x17D2;&#x1794;&#x17B8; &#x17A0;&#x17BE;&#x1799;&#x1782;&#x17B6;&#x178F;&#x17CB;&#x1785;&#x1784;&#x17CB;&#x17B3;&#x17D2;&#x1799;&#x1780;&#x17BC;&#x1793;&#x178A;&#x17BC;&#x1785;&#x1782;&#x17B6;&#x178F;&#x17CB;&#x178A;&#x17C2;&#x179A;&#x17D4; &#x178F;&#x17C2;&#x1794;&#x17CA;&#x17B8;&#x179B;&#x17B8;&#x1785;&#x17B7;&#x178F;&#x17D2;&#x178F;&#x1796;&#x17C1;&#x1780;&#x17A0;&#x17BE;&#x1799;&#x17D4; </subfield>
  </datafield>
  <datafield tag="520" ind1=" " ind2=" ">
    <subfield code="a">Billy's father is a famous player and he wants his son to be like him. But Billy is too kind.</subfield>
  </datafield>
  <datafield tag="521" ind1="8" ind2=" ">
    <subfield code="a">510
</subfield>
    <subfield code="b">Lexile estimate
</subfield>
  </datafield>
  <datafield tag="521" ind1="8" ind2=" ">
    <subfield code="a">K
</subfield>
    <subfield code="b">Raz-Plus
</subfield>
  </datafield>
  <datafield tag="650" ind1=" " ind2=" ">
    <subfield code="a">&#x17A2;&#x17D2;&#x1793;&#x1780;&#x179B;&#x17C1;&#x1784;  </subfield>
    <subfield code="v">&#x1785;&#x17B7;&#x178F;&#x17D2;&#x178F;&#x179B;&#x17D2;&#x17A2;&#x178E;&#x17B6;&#x179F;&#x17CB;</subfield>
  </datafield>
  <datafield tag="650" ind1=" " ind2=" ">
    <subfield code="a">Player </subfield>
    <subfield code="v">too kind</subfield>
  </datafield>
  <datafield tag="700" ind1=" " ind2=" ">
    <subfield code="a">Vanthary, Oum</subfield>
    <subfield code="e">Translator</subfield>
  </datafield>
  <datafield tag="700" ind1=" " ind2=" ">
    <subfield code="a">Valckx, Catharina</subfield>
    <subfield code="e">illustrator</subfield>
  </datafield>
  <datafield tag="942" ind1=" " ind2=" ">
    <subfield code="2">ddc</subfield>
    <subfield code="c">KHB</subfield>
    <subfield code="n">0</subfield>
  </datafield>
  <datafield tag="999" ind1=" " ind2=" ">
    <subfield code="c">1653</subfield>
    <subfield code="d">1653</subfield>
  </datafield>
  <datafield tag="952" ind1=" " ind2=" ">
    <subfield code="0">0</subfield>
    <subfield code="1">0</subfield>
    <subfield code="2">ddc</subfield>
    <subfield code="4">0</subfield>
    <subfield code="7">0</subfield>
    <subfield code="8">KH</subfield>
    <subfield code="a">001</subfield>
    <subfield code="b">001</subfield>
    <subfield code="c">KHRS</subfield>
    <subfield code="d">2023-09-13</subfield>
    <subfield code="l">2</subfield>
    <subfield code="o">CAT 398.2452</subfield>
    <subfield code="p">2023-0603</subfield>
    <subfield code="r">2026-03-02 10:02:21</subfield>
    <subfield code="s">2026-02-02</subfield>
    <subfield code="t">1</subfield>
    <subfield code="w">2023-09-13</subfield>
    <subfield code="y">KHB</subfield>
  </datafield>
  <datafield tag="952" ind1=" " ind2=" ">
    <subfield code="0">0</subfield>
    <subfield code="1">0</subfield>
    <subfield code="2">ddc</subfield>
    <subfield code="4">0</subfield>
    <subfield code="7">0</subfield>
    <subfield code="8">KH</subfield>
    <subfield code="a">001</subfield>
    <subfield code="b">001</subfield>
    <subfield code="c">KHRS</subfield>
    <subfield code="d">2023-09-13</subfield>
    <subfield code="l">2</subfield>
    <subfield code="o">CAT 398.2452</subfield>
    <subfield code="p">2023-0604</subfield>
    <subfield code="r">2025-06-09 14:19:20</subfield>
    <subfield code="s">2024-12-03</subfield>
    <subfield code="t">2</subfield>
    <subfield code="w">2023-09-13</subfield>
    <subfield code="y">KHB</subfield>
  </datafield>
</record>
